000 00522nam a2200193Ia 4500
003 OSt
005 20250603152009.0
008 210210b1986 xxu||||| |||| 00| 0 eng d
040 _cAL
041 _aKannada
082 _aK894.1 HEMH
100 _aHEMA PATTANASHETTI
_dಹೇಮಾ ಪಟ್ಟಣಶೆಟ್ಟಿ
_9212637
245 _aHosa hadu
_bಹೊಸ ಹಾಡು
260 _aDharavada
_bAnanya Prakashana
_c1986
300 _a48
690 _aKannada Poetry
_9212638
906 _a038777
942 _2ddc
_cBK
999 _c88666
_d88666